Datum a čas kvízu
30
Celkem bodů
Celkový počet nahraných bodů na tomto kvízu bez doplňovacích otázek.
4.
Pořadí na kvízu
Konečné umístění týmu na tomto kvízu.
Zaznamenané odpovědi
| # | Otázka | Odpověď | Body | Výsledky |
|---|---|---|---|---|
| 1. | Legendární vlak Orient Express... | 0 | ||
| 2. | Někteří světoví státníci letos... | 0 | ||
| 3. | Na fotce vidíme masku, pod kte... | 0 | ||
| 4. | Společnost Mafra, patřící do k... | 0 | ||
| 5. | Dva góly a dvě typická oslavná... | 1 | ||
| 6. | Ukrajina patří mezi největší z... | 1 | ||
| 7. | Hlavním a největším městem Ukr... | 1 | ||
| 8. | Jak se jmenuje prezident Ukraj... | 1 | ||
| 9. | Mezi nejtypičtější ukrajinské... | 1 | ||
| 10. | Ukrajina drží jeden zajímavý s... | 0 |